000 00971cam a2200277 4500
008 #DATE n2002 000 0 eng u
020 _a1857883047
035 _a(Sirsi) u123443
041 _aeng
050 _a658.4
_c18
100 _aLeigh, Andrew
245 _aLeading your team
_bhow to involve and inspire teams
250 _a2nd ed.
260 _aLondon
_bNicholas Brealey
_c2002
300 _axii, 244p.
_c24cm.
350 _a12.99
490 _aNicholas Brealey People Skills for Professionals
520 _aSecond edition of this essential guide for team leaders addressing the challenge of creating, inspiring and sustaining teams. Provides a hands-on approach to developing leadership skills and includes a new chapter on virtual teams.
650 _aLEADERSHIP
650 _aTEAM LEADERS
650 _aTEAM BUILDING
650 _aPEOPLE MANAGEMENT
690 _aMANAGEMENT-BUSINESS MANAGEMENT
700 _aMaynard, Michael
942 _n0
999 _c103046
_d103046